Democracy in Japan

Uloženo v:
Podrobná bibliografie
Hlavní autor: Ishida, Takeshi
Médium: Kniha
Jazyk:Undetermined
Vydáno: London University of Pittsburgh Press 1989
Témata:
Tagy: Přidat tag
Žádné tagy, Buďte první, kdo otaguje tento záznam!
Thư viện lưu trữ: Trung tâm Học liệu Trường Đại học Cần Thơ
LEADER 00515nam a2200193Ia 4500
001 CTU_107416
008 210402s9999 xx 000 0 und d
082 |a 306.2 
082 |b I.79 
100 |a Ishida, Takeshi 
245 0 |a Democracy in Japan 
245 0 |c Takeshi Ishida, Ellis S. Krauss 
260 |a London 
260 |b University of Pittsburgh Press 
260 |c 1989 
650 |a Political culture 
650 |z Japan 
904 |i Nguyên 
980 |a Trung tâm Học liệu Trường Đại học Cần Thơ